00652nam a2200181 a 450000500170000000800410001702000180005805000260007610000180010224500540012026000350017430000090020944000330021852000720025165000120032399900190033595201160035420140412111422.0080122s19uu xx 00 eng d a983-187-226-6 aTR(GS 428.4bM11 2006 aMah, May S.M. aWhat does charlie the chimp see? /cMay S.M. Mah. aMalaysia :bRhythm pub,c2006. a24p. aPhonics in reading: Series 2 aIntroduces words beginning with consonant diagraphs SH, CH, TH, WH. aPhonics c106097d106097 001040aELbELcTRd2008-01-22eDonationl0oTR(GS 428.4 M11 2006pE11199r2014-04-12 00:00:00w2014-04-12yBK